| 000 | 00858nam a2200229Ia 4500 | ||
|---|---|---|---|
| 008 | 191130s2005##################000#0#eng## | ||
| 020 | _a9780520242784 | ||
| 022 | _a2005041745 | ||
| 040 |
_aACL _cACL |
||
| 082 | _a362.0425098615 BIE | ||
| 100 | _aBiehl, João Guilherme | ||
| 245 |
_aVita : life in a zone of social abandonment _cJoão Biehl ; photographs by Torben Eskerod |
||
| 260 |
_aBerkeley _bUniversity of California Press _c2005 |
||
| 300 | _a404 p. : ill. ; 24 cm | ||
| 500 | _aIncludes bibliographical references and index | ||
| 650 | _aInstitutional care - Brazil - Porto Alegre (Rio Grande do Sul) | ||
| 650 | _aMarginality, Social - Brazil - Porto Alegre (Rio Grande do Sul) | ||
| 650 | _aVita (Asylum : Porto Alegre, Rio Grande do Sul, Brazil) | ||
| 990 | _aca6cbbe9ac10000c040b3927c007f25e | ||
| 991 | _a361095 | ||
| 999 |
_c89829 _d89829 |
||